1319 1383 1860 1485 1027 1578 1948 1005 1966 1050 1385 1201 1143 1035 1810 1870 1289 1480 1747 1894 1334 1097 1520 1417 1581 1333 1061 1675 1537 1340 1178 1476 1463 1616 1922 1985 1983 1537 1185 1988 1422 1733 1857 1689 1118 1740 1239 1765 1172 1913 1891 1349 1980 1375 1841 1931 1684 1747 1070 1934 1466 1486 1889 1408 1631 1154 1218 1393 1389 1362 1130 1493 1956 1355 1676 1215 1962 1847 1952 1911 1576 1102 1569 1992 1263 1188 1647 1209 1921 1629 1854 1739 1545 1665 1841 1077 1641 1210 1676 BCNSPRNW ULIB Ver.6.0+V

เปลี่ยนเป็นภาษาไทย

Change to English
 แสดงรายละเอียดบรรณานุกรม
  กลับหน้าหลัก

Brief Record : Get Marc (ISO 2709) : E-mail record : QR code < ปิดหน้าต่าง
LEADER : 00000nam 2200000uu 4500
001    13399112935
003     ULIB
008    110919s2552||||th 000 0 tha d
020    9786169015307
090    นว.^bส174ร 2552
100 0  สเตเฟนี่ เมเยอร์
245 00 รุ่งอรุโณทัย เล่ม 2/^cอาทิตยา แปล
250    พิมพ์ครั้งที่ 7
260    กรุงเทพฯ :^bปราชญ์เปรียว,^c2552
300    422 หน้า
945    ^p300^l0^i16298
995    กัณชพร
999     ^aใช้งานได้ทุกระบบ
รายการนี้ยังไม่มีแท็ก
คุณยังไม่ได้ล็อกอิน คุณสามารถมีกิจกรรมร่วมกับเว็บไซต์ได้ แต่ต้องล็อกอินก่อน ::
  ล็อกอิน

รายการสื่อสารสนเทศ

ลำดับที่ ประเภท เลขเรียก/บาร์โค้ด สถานที่ สถานะ
1. นวนิยาย
นวนิยาย
นว. ส174ร 2552  
  Barcode: 16298
ห้องสมุดวิทยาเขตสวรรค์ประชารักษ์
►นวนิยาย
บนชั้น
  ขอยืม

รายการใกล้เคียง
    ผู้แต่ง [สเตเฟนี่ เมเยอร์]

BibComment


ยังไม่เคยถูกคอมเมนท์

คอมเมนท์ทรัพยากรรายการนี้
  คอมเมนท์: รุ่งอรุโณทัย เล่ม..


 Copyright 2026. Bcnsprnw @Library